| 000 | 00545nam a2200193 a 4500 | ||
|---|---|---|---|
| 001 | 0339 | ||
| 005 | 20140414132017.0 | ||
| 008 | 040910s19uu xx 00 eng d | ||
| 020 | _a0-590-69548-7 | ||
| 050 |
_aTR _bC64 1979 |
||
| 100 | _aGomi, Taro | ||
| 245 |
_aCoco can't wait! / _cby Taro Gomi. |
||
| 260 |
_aNew York : _bScholastic, _c1979. |
||
| 300 | _a32 p. : ill. ; cm. | ||
| 520 | _aA story about a girl and her grandmother. | ||
| 650 |
_aGrandmothers and grandaughters. _xFiction |
||
| 650 | _aChildren stories. | ||
| 999 |
_c113397 _d113397 |
||